Statistics for Top 100 Largest Birds

Click here to take the quiz!

General Stats

  • This quiz has been taken 475 times
  • The average score is 24 of 100

Answer Stats

RankWeightAnswer% Correct
1104kgOstrich
98%
290kgSomali Ostrich
98%
533kgEmu
94%
775kgBald Eagle
87%
745kgGolden Eagle
82%
632kgEmperor Penguin
76%
345kgSouthern Cassowary
71%
954kgVerreaux's Eagle
70%
249kgCinereous Vulture
68%
2110kgCalifornia Condor
64%
723kgGreater Rhea
61%
1412kgMute Swan
61%
1213kgWild Turkey
54%
705kgOcellated Turkey
53%
1811kgDalmatian Pelican
52%
785kgOriental Stork
44%
835kgGoliath Heron
41%
279kgRed-crowned Crane
40%
904kgGreen Peafowl
37%
715kgIndian Peafowl
37%
1014kgKing Penguin
35%
1911kgGreat Bustard
32%
1114kgKori Bustard
32%
387kgAmsterdam Albatross
30%
1711kgAndean Condor
30%
288kgAntipodean Albatross
30%
456kgHarpy Eagle
30%
636kgShoebill
30%
377kgTristan Albatross
30%
1312kgWandering Albatross
30%
2011kgGreat Indian Bustard
28%
444kgNorthern Cassowary
28%
288kgArabian Bustard
27%
476kgAustralian Bustard
27%
239kgDenham's Bustard
27%
496kgHeuglin's Bustard
26%
486kgLudwig's Bustard
26%
695kgNubian Bustard
26%
920kgLesser Rhea
25%
1512kgTrumpeter Swan
21%
348kgSteller's Sea Eagle
20%
338kgBlack Swan
19%
984kgGiant Ibis
19%
855kgMacaroni Penguin
17%
845kgRoyal Penguin
17%
820kgDwarf Cassowary
16%
367kgMarabou Stork
16%
885kgChinstrap Penguin
15%
259kgHimalayan Vulture
15%
805kgAdelie Penguin
14%
308kgCape Vulture
14%
466kgPhilippine Eagle
14%
1611kgWhooper Swan
14%
586kgGentoo Penguin
13%
735kgWhite-tailed Eagle
13%
2210kgGreat White Pelican
12%
417kgGriffon Vulture
12%
516kgBearded Vulture
11%
924kgHumboldt Penguin
11%
436kgTundra Swan
11%
875kgCommon Loon
10%
1004kgRed-headed Vulture
10%
825kgSandhill Crane
10%
536kgAmerican White Pelican
9%
556kgWhooping Crane
9%
725kgYellow-billed Loon
9%
407kgJabiru
8%
269kgSouthern Royal Albatross
8%
626kgAustralian Pelican
7%
685kgCommon Crane
7%
616kgLesser Adjutant
7%
974kgNorthern Giant Petrel
7%
328kgNorthern Royal Albatross
7%
506kgSaddle-billed Stork
7%
446kgBlack-necked Swan
6%
526kgBrolga
6%
427kgLappet-faced Vulture
6%
566kgSarus Crane
6%
655kgWhite-backed Vulture
6%
865kgCoscoroba Swan
5%
606kgIndian Vulture
5%
755kgMartial Eagle
5%
934kgWhite-rumped Vulture
5%
765kgBlue Crane
4%
994kgGreat Curassow
4%
397kgGreater Adjutant
4%
357kgRüppell's Vulture
4%
546kgSiberian Crane
4%
675kgYellow-eyed Penguin
4%
645kgPink-backed Pelican
3%
944kgShort-tailed Albatross
3%
914kgSouthern Screamer
3%
964kgChatham Albatross
2%
895kgErect-crested Penguin
2%
576kgPeruvian Pelican
2%
665kgSpot-billed Pelican
2%
795kgWhite-headed Vulture
2%
815kgWhite-naped Crane
2%
298kgWattled Crane
1%
596kgBlack-necked Crane
0%

Score Distribution

Percentile by Number Answered

Percent of People with Each Score

Your Score History

You have not taken this quiz